000 00725cab a2200253 4500
001 WB3511-30
008 090401t1999 xxu||||| |||| 00| 0 eng d
035 _a(Sirsi) u92144
041 _aeng
245 _aJoint tenancy
260 _c1999
350 _a0
490 _aEstates Gazette Case Summaries
_v[1999] EGCS 27 (18 February 1999)
650 _aBANKRUPTCY
650 _aEXPIRATION OF LEASE
650 _aINSOLVENCY ACT 1986 S283(1)
650 _aJOINT TENANTS
650 _aLANDLORD AND TENANT ACT 1954 PART I
650 _aRESIDENTIAL LEASES
650 _aROTHSCHILD AND OTHERS V BELL AND ANOTHER
690 _aLANDLORD AND TENANT-CASE LAW-RESIDENTIAL TENANCIES
942 _n0
948 _c17/03/1999
999 _c58417
_d58417